Vista normal
Vista MARC
Entrada Materia (personas)
Número de registros utilizados en: 2
001 - CONTROL NUMBER
- control field: 83158
003 - CONTROL NUMBER IDENTIFIER
- control field: Co-BoUCM
005 - DATE AND TIME OF LATEST TRANSACTION
- control field: 20161215102330.0
008 - FIXED-LENGTH DATA ELEMENTS
- fixed length control field: 161215|| aca||aabn | a|a d
040 ## - CATALOGING SOURCE
- Original cataloging agency: Co-BoUCM
- Transcribing agency: Co-BoUCM
100 ## - HEADING--PERSONAL NAME
- Personal name: Machado, Antonio
- Dates associated with a name: 1875-1939
670 ## - SOURCE DATA FOUND
- Source citation: Work cat.: (Co-BoUCM)305717: Machado, Antonio 1875-1939, Campos de Castilla, 2004